| 000 | 00692nam a22002292 4500 | ||
|---|---|---|---|
| 001 | 0000001417 | ||
| 005 | 20151217155201.0 | ||
| 008 | 070308s xx 000 0 eng d | ||
| 020 | _a0582257271 : | ||
| 040 |
_aKABU _cKABU |
||
| 050 | 0 |
_aHC79 _b.E5P47 |
|
| 100 | 1 |
_aPerman, Roger. _@0000150137 |
|
| 245 | 1 | 0 |
_aNatural resource and environmental economics / _cRoger Perman, Yue Ma, James McGilvray. |
| 260 |
_aLondon : _bLongman, _c1996. |
||
| 300 | _aix, 396 p. | ||
| 650 | 0 |
_aEnvironmental economics. _@0000150102 |
|
| 700 | 1 |
_aMa, Yue. _@0000150138 |
|
| 700 | 1 |
_aMcGilvray, J. _@0000150139 |
|
| 908 | _a070308 | ||
| 950 | _@1 | ||
| 999 |
_c11844 _d11844 |
||